00629nam a22001817a 450000500170000001000120001702000260002903700260005508200080008110000300008924501320011926000370025127000700028830000200035870000280037894200220040699900190042820260301160740.0 aBACEN26 a9789395764940c495.00 bOakBridge Publishing  a000 aMishra, Sudhanshu 987976 aGeneral Studies: Mock Test and Previous Year Papers bfor UPPSC Mains Examination /cby Mishra Sudhanshu [and] C.S Nikunj Gupta aDelhibDoaba Publications c2025 aShanti Mohan House, 16 Ansari Road Darya Ganj,bNew Delhie110002 a444p.c24cm(pb) aGupta, CS Nikunj987587 2ddccENh000mMIS c215068d215068